La antorcha al oído (Record no. 39744)

MARC details
000 -LEADER
campo de control de longitud fija 00701nam a2200193 i 4500
001 - NÚMERO DE CONTROL
campo de control 39744
003 - IDENTIFICADOR DE NÚMERO DE CONTROL
campo de control ES-MaACL
007 - CAMPO FIJO DE DESCRIPCIÓN FÍSICA--INFORMACIÓN GENERAL
campo de control de longitud fija t|
008 - DATOS DE LONGITUD FIJA--INFORMACIÓN GENERAL
campo de control de longitud fija 030304s1984 sp ||||1| spa d
100 0# - ENTRADA PRINCIPAL--NOMBRE DE PERSONA
Nombre de persona Canetti, Elias,
Fechas asociadas al nombre 1905-1994
9 (RLIN) 34493
245 13 - MENCIÓN DEL TÍTULO
Título La antorcha al oído
Resto del título : historia de una vida 1921-1931 /
Mención de responsabilidad, etc. Elías Canetti ; traducción del alemán por Juan J. del Solar B.
260 ## - PUBLICACIÓN, DISTRIBUCIÓN, ETC.
Lugar de publicación, distribución, etc. Madrid, etc. :
Nombre del editor, distribuidor, etc. Alianza,
Fecha de publicación, distribución, etc. [1984]
300 ## - DESCRIPCIÓN FÍSICA
Extensión 367 p. ;
Dimensiones 18 cm.
490 1# - MENCIÓN DE SERIE
Mención de serie El libro de bolsillo. Literatura ;
Designación de volumen o secuencia 1027
700 1# - ENTRADA AGREGADA--NOMBRE PERSONAL
Nombre de persona Solar, Juan José del,
Fechas asociadas al nombre 1946-
9 (RLIN) 107098
830 03 - PUNTO DE ACCESO ADICIONAL DE SERIE-TÍTULO UNIFORME
Título uniforme El libro de bolsillo.
Nombre de parte o sección de la obra Literatura
Designación de volumen o secuencia 1027
9 (RLIN) 180913
852 ## - LOCALIZACIÓN
Ubicación ES-MaACL
Número de control de estantería L-6664
Sublocalización o colección R.107075
Holdings
Estatus retirado Estado de pérdida Estado de daño No para préstamo Biblioteca de origen Biblioteca actual Ubicación en estantería Fecha de adquisición Fuente de adquisición Total de préstamos Signatura topográfica completa Código de barras Visto por última vez Precio de reemplazo Tipo de ítem Koha
        Biblioteca del Ateneo de Madrid Biblioteca del Ateneo de Madrid Depósito 2 17/01/2008     L-6664 1041853 23/02/2023 23/02/2023 Libro impreso